000 01011pam a2200277 a 4500
005 20260322212015.0
008 data
010 _a 92001304
020 _a0688113508 (acidfree paper) :
_c{dollar}25.00
020 _a978-0688113506 (acid-free paper) :
_c{dollar}25.00
040 _aDLC
_cDLC
_dDLC
050 0 0 _aGN751
_b.Z36 1992
082 0 0 _a398.23/4
_220
092 _a398.23 Zan 1992
100 1 _aZangger, Eberhard.
245 1 4 _aThe flood from heaven :
_bdeciphering the Atlantis legend /
_cEberhard Zangger.
250 _a1st U.S. ed.
260 _aNew York :
_bW. Morrow,
_cc1992.
300 _axi, 256 p. :
_bill., maps ;
_c25 cm.
504 _aIncludes bibliographical references (p. 239-251) and index.
650 0 _aAtlantis (Legendary place)
906 _a7
_bcbc
_corignew
_d1
_eocip
_f19
_gy-gencatlg
991 _bc-GenColl
_hGN751
_i.Z36 1992
_p0003975194A
_tCopy 1
_wBOOKS
001 data
999 _c326
_d326